| 000 | 00000nam##2200000za#4500 |
| 001 | 9.611668 |
| 003 | CaOODSP |
| 005 | 20220111083414 |
| 007 | ta |
| 008 | 150406|1994||||xxc||||| f|0| 0 eng|d |
| 020 | |a0-662-22751-4 |
| 022 | |a1713-0638 |
| 040 | |aCaOODSP|beng |
| 043 | |an-cn--- |
| 086 | 1 |aNE22-1/1994-10E |
| 110 | 1 |aCanada. |bNational Energy Board. |
| 245 | 10|aIn the matter of CanStates Gas Marketing; Chevron Canada Resources Limited; Renaissance Energy Ltd.; Western Gas Marketing Limited : |bapplications pursuant to part IV of the National Energy Board Act for licences to export natural gas |
| 260 | |aCalgary - Alberta : |bNational Energy Board |cNovember, 1994. |
| 300 | |axi, 75p. : |bgraphs, tables ; |c28 cm. |
| 490 | 1 |aReasons for decision|x1713-0638 |
| 500 | |aErrata sheet inserted. |
| 563 | |aSoftcover |
| 775 | 08|tRelativement à CanStates Gas Marketing; Chevron Canada Resources Limited; Renaissance Energy Ltd.; Western Gas Marketing Limited : |w(CaOODSP)9.622987 |
| 776 | 0#|tReasons for decision in the matter of CanStates Gas Marketing, Chevron Canada Resources Limited, Renaissance Energy Ltd., Western Gas Marketing Limited : |w(CaOODSP)9.572429 |
| 830 | #0|aReasons for decision (Canada. National Energy Board)|x1713-0638|w(CaOODSP)9.514808 |
| 986 | |aGH-3-94 |